MDQL
is popping MORE tags! Check the
thread
!
Quizzes
Events
Quiz Creation
Community
Videos
Private Events
Remove Ads
Sign In
Join for FREE
Feedback
Dark Mode
Quiz Categories
Sports
Geography
Music
Movies
Television
Just For Fun
Miscellaneous
History
Literature
Language
Science
Gaming
Entertainment
Religion
Holiday
For Kids
Quiz Lab
Recent
Popular Today
Quiz Kudos Today
Editor Picks
Curator Picks
Quizzes by...
Day
Popularity
Type
Ratings
Length
Year
Community
Subscriptions
Recent Discussions
Orange Saloon
Badges
Playlists
Quests
Create
Leaderboards
Showdown
Live 5
Trivia Bingo
Activity
Puzzle Library
Sporcle Events
Private Events
Virtual Trivia
Globe League
Become a Host
Pub Owners
SporcleCon
Opinionation
Our Games
Videos
Blog
Mobile Apps
Partnerships
Remove Ads and Go Orange
Feedback
Geography
Country
Landmarks
City
State
Population
World
Capital
Continent
Flags
Europe
Africa
Asia
South America
North America
Oceania
Border
Canada
United Kingdom
Topography
United States
Geography
Country
Landmarks
City
State
Population
World
Capital
Continent
Flags
Europe
Africa
Asia
South America
North America
Oceania
Border
Canada
United Kingdom
Topography
United States
Random Quiz
Search Sporcle
×
Quiz Lab
Quiz Lab
Geography
South America
Type answers that appear on an image
Type answers that appear on an image
Map
Best Score? Go Orange.
Identify African Countries Stats
Can you recognize these African countries?
By
fne2115
7m
53 Questions
598 Plays
598 Plays
598 Plays
Comments
Comments
Give Quiz Kudos
Give Quiz Kudos
-
- Ratings
hide this ad
Forced Order
Answers have to be entered in order
Answers have to be entered in order
Replay
Link that replays current quiz
Next Quiz
Link to next quiz in quiz playlist
You Got
0%
They Got
Avg Score
73%
Avg Friend Score
Upgrade to see
Score Distribution
Jump to the score distribution portion of the page
Score
0/53
Timer
07:00
0
Plays Today
% Correct
South Africa
82.9%
Madagascar
82.7%
Egypt
82.6%
Sudan
81.6%
Morocco
81.2%
Algeria
80.7%
Ethiopia
80.7%
Libya
80.7%
Nigeria
80.1%
South Sudan
80.1%
Tunisia
80.1%
Somalia
79.7%
Chad
79.6%
Niger
79.4%
Togo
78.9%
Democratic Republic of the Congo
78.1%
Kenya
77.2%
Benin
77.1%
Zimbabwe
77.1%
Mali
76.4%
Central African Republic
76.2%
Lesotho
76.2%
Rwanda
75.7%
Uganda
75.4%
Mozambique
75.2%
Namibia
73.5%
Angola
72.5%
% Correct
Botswana
72.2%
Seychelles
72%
Eritrea
71.9%
Tanzania
71.7%
Cameroon
71.4%
Zambia
71.2%
Republic of the Congo
70.7%
Senegal
70.7%
Cote d'Ivoire
70.4%
The Gambia
70.4%
Swaziland
70.2%
Guinea
69.8%
Mauritania
69.8%
Ghana
69.7%
Liberia
69.2%
Djibouti
69%
Malawi
69%
Sierra Leone
67.8%
Equatorial Guinea
67.3%
Gabon
66.8%
Burundi
65%
Comoros
65%
Mauritius
64%
Guinea-Bissau
62.3%
Sao Tome and Principe
59.8%
Burkina Faso
58.6%
Quiz Playlist
Details
Report
Send in Message
Add To Playlist
Map:
Type answers that appear on an image
Forced Order:
Answers have to be entered in order
Last Updated: Feb 16, 2017
Quiz Scoreboard
CHALLENGE
Sign Up to Join the Scoreboard
Show All
Scores
Hide
Comments
May contain spoilers
Recently Published
1-10 Letter E Words III
by El_Dandy
Language
2m
Street Fighter Characters
by Artimus82
Gaming
60s
College Basketball Coaching Resumes
by pancakes188
Sports
9m
More to Explore
Quiz From the Vault
Featured Blog Post
Where Did the Easter Bunny Come From?
hide this ad
You Might Also Like...
Tags
Country Quiz
South America Quiz
America
Identify
Recognize
south
Today's Top Quizzes in Geography
Browse Geography
hide this ad
Today's Top Quizzes in South America
Browse South America
Top Contributed Quizzes in Geography
1
Countries of the World - No Outlines Minefield
2
Top 25 Cities of France on a map
3
Any capital of a 'B' country per Continent
4
Any capital of a 'C' country per Continent
5
Closest Countries to UK A-Z
6
Any capital of a 'D' country per Continent
7
5-to-1: US Geography No Hints
8
Any capital of an 'E' country per Continent
9
Find the US States - No Outlines
10
Any capital of an 'F' country per Continent
Explore More
Trending Topics
Kpop
Marvel
Crossword
Anime
NBA
Harry Potter
Disney
Puzzle
Song
NFL
Country
WWE
The Office
Soccer
Pokémon
hide this ad
More By:
fne2115
Quiz
Plays
Rating
Category
Featured
Created
Identify European Countries
624
3.33
Geography
Jul 20, 2016
Identify African Countries
598
3.00
Geography
Jul 20, 2016
Identify Asian Countries
454
2.75
Geography
Jul 20, 2016
Identify South American Countries
231
5.00
Geography
Jul 20, 2016
Identify Oceanic Countries
196
2.33
Geography
Jul 20, 2016
Go to Creator's Profile
Score Distribution
Quiz Creator Spotlight
fne2115
Follow
Send a Message
Quizzes Created
-
Created Quiz Play Count
-
More By This Creator
Popular Quizzes Today
1
Find the US States - No Outlines Minefield
2
Find the Countries of Europe - No Outlines Minefield
3
The Countries of the World
4
Find the US States
5
Risky Map Clicking: Biggest States A-Z
6
US States
7
Popular People in 1961
8
Movies - When Are They Set?
More Geography Quizzes
Prove You Aren't a Robot - 'C' Countries of Asia
Quiz Lab
Trending Quizzes
Risky Map Clicking: Least Populous States A-Z
Billboard Blitz: Aretha Franklin
Famous Russians: Author or Composer?
1-10 Letter G Words
Countries of the World: 200 Million BC
Recently Updated
Leaping Animals
pecheneg
Reality TV Shows (A-Z)
bhenderson79
Rickey Henderson's Hall of Fame Teammates
pecheneg
Champions League XIs: Arsenal
pecheneg
Quick Pick: Celebrities in WWE's Hall of Fame
aduchscher
A-Z Keypad Blitz II
pecheneg
Multiple Oscar Actors
pecheneg
Mystery Phrase Blitz: Oscar 'Best Actors'
pecheneg
F. Scott Fitzgerald Novels
LTH
Pick 3 Villains
ddd62291
Trending Topics
Disney
Marvel
Crossword
Harry Potter
Kpop
Anime
NBA
NFL
Pokémon
Puzzle
Soccer
Song
WWE
The Office
Country
Your Account Isn't Verified!
In order to create a playlist on Sporcle, you need to verify the email address you used during registration. Go to your
Sporcle Settings
to finish the process.
Report this User
Report this user for behavior that violates our
Community Guidelines
.
Details:
Send Report
Go to the Sporcle.com Mobile Site →
Comments